Horizontal equity,uncertainty,and economic well being. (Record no. 131864)
[ view plain ]
| 000 -LEADER | |
|---|---|
| fixed length control field | 00686nam a22001817a 4500 |
| 008 - FIXED-LENGTH DATA ELEMENTS--GENERAL INFORMATION | |
| fixed length control field | 240415b |||||||| |||| 00| 0 eng d |
| 020 ## - INTERNATIONAL STANDARD BOOK NUMBER | |
| International Standard Book Number | 0226137260. |
| 050 ## - LIBRARY OF CONGRESS CALL NUMBER | |
| Classification number | HC106.3.C714 |
| 100 ## - MAIN ENTRY--PERSONAL NAME | |
| Personal name | David Martin. |
| 9 (RLIN) | 52642 |
| 245 ## - TITLE STATEMENT | |
| Title | Horizontal equity,uncertainty,and economic well being. |
| Statement of responsibility, etc | Martin David |
| 260 ## - PUBLICATION, DISTRIBUTION, ETC. (IMPRINT) | |
| Place of publication, distribution, etc | Chicago: |
| Name of publisher, distributor, etc | The University of Chicago Press, |
| Date of publication, distribution, etc | 1985. |
| 300 ## - PHYSICAL DESCRIPTION | |
| Extent | 523p, |
| Dimensions | 24cm, |
| 650 ## - SUBJECT ADDED ENTRY--TOPICAL TERM | |
| Topical term or geographic name as entry element | United States, |
| Form subdivision | congrsses, |
| General subdivision | cost and standard of living. |
| 9 (RLIN) | 52643 |
| 650 ## - SUBJECT ADDED ENTRY--TOPICAL TERM | |
| Topical term or geographic name as entry element | United States, |
| Form subdivision | congresses, |
| General subdivision | quality of life. |
| 9 (RLIN) | 52644 |
| 650 ## - SUBJECT ADDED ENTRY--TOPICAL TERM | |
| Topical term or geographic name as entry element | United States, |
| Form subdivision | income distribution, |
| General subdivision | congresses. |
| 9 (RLIN) | 52645 |
| 650 ## - SUBJECT ADDED ENTRY--TOPICAL TERM | |
| Form subdivision | congresses, |
| General subdivision | uncertainty, |
| 9 (RLIN) | 52646 |
| 942 ## - ADDED ENTRY ELEMENTS (KOHA) | |
| Source of classification or shelving scheme | Library of Congress Classification |
| Item type | Monograph ( Printed materials) |
| Withdrawn status | Lost status | Source of classification or shelving scheme | Damaged status | Not for loan | Home library | Current library | Shelving location | Date acquired | Total Checkouts | Full call number | Barcode | Date last seen | Price effective from | Koha item type |
|---|---|---|---|---|---|---|---|---|---|---|---|---|---|---|
| Library of Congress Classification | ARRUPE LIBRARY | ARRUPE LIBRARY | Main Collection | 15/04/2024 | HC106.3.C714 | 46700000167 | 15/04/2024 | 15/04/2024 | Monograph ( Printed materials) |